000 00697nam a2200205Ii 4500
003 JO-AjNU
008 230605s9999||||xx |||||||||||||| ||und||
040 _aJO-AjNU
_bara
_erda
_cJO-AjNU
041 _aara
050 1 4 _aKRB3800.S246.1986
100 3 _aسلامة، مأمون محمد,
_eauthor
_914551
245 0 0 _aالاجراءات الجنائية في التشريع المصري
250 _a(د،ط)
264 3 1 _aالقاهرة : دار الفكر العربي ، 1986
300 _a622ص
336 _atext
_btxt
_2rdacontent
337 _aunmediated
_bn
_2rdamedia
338 _avolume
_bnc
_2rdacarrier
650 4 _aقانون الإجراءات الجنائية -- مصر
_914552
999 _aA3907
_c7475
_d7475